| 000 | 00491nam a22001697a 4500 | ||
|---|---|---|---|
| 008 | 230615b |||||||| |||| 00| 0 eng d | ||
| 040 |
_aNational Science Library _cNational Science Library |
||
| 080 |
_a621.39:654 _bM8 |
||
| 100 | _aBear, D | ||
| 245 | _aPrinciple of telecommunication traffic engineering | ||
| 250 | _a3rd ed. | ||
| 260 |
_aLondon: _bPeter Peregrinus Ltd., _c1988 |
||
| 300 | _ax, 250p. | ||
| 650 | _aTelecommunication | ||
| 653 | _aScience | ||
| 942 |
_2udc _cBK |
||
| 999 |
_c43933 _d43933 |
||